| 000 | 00736cam a2200205 4500 | ||
|---|---|---|---|
| 001 | WB3627-29 | ||
| 008 | 000000n2000 000 0 eng u | ||
| 035 | _a(Sirsi) u107082 | ||
| 245 | _a£100bn transport plan to promise no new major roads | ||
| 260 | _c2000 | ||
| 490 |
_aFinancial Times _v 11 July 2000, 4(2) |
||
| 520 | _aIn the 10-year transport plan government is to promise no new major roads and no motorway tolls. The plan will concentrate more on a programme of bypasses, road widening and other upgrades. + chart | ||
| 590 | _aWB | ||
| 650 | _a10-YEAR TRANSPORT PLAN | ||
| 650 | _aROAD-BUILDING | ||
| 650 | _aMOTORWAY TOLLS | ||
| 650 | _aTRAFFIC CONGESTION | ||
| 690 | _aTRANSPORT AND COMMUNICATIONS | ||
| 942 | _n0 | ||
| 999 |
_c64033 _d64033 |
||